Mathematical tables : (Record no. 109367)
[ view plain ]
| 000 -LEADER | |
|---|---|
| fixed length control field | 00540nam a22001697a 4500 |
| 003 - CONTROL NUMBER IDENTIFIER | |
| control field | BD-ChCU |
| 005 - DATE AND TIME OF LATEST TRANSACTION | |
| control field | 20251112104226.0 |
| 008 - FIXED-LENGTH DATA ELEMENTS--GENERAL INFORMATION | |
| fixed length control field | 251112b bg ||||| |||| 00| 0 ben d |
| 040 ## - CATALOGING SOURCE | |
| Transcribing agency | BD-ChCU |
| 082 ## - DEWEY DECIMAL CLASSIFICATION NUMBER | |
| Classification number | 510.5 SMM |
| 100 ## - MAIN ENTRY--PERSONAL NAME | |
| Personal name | Smmirnov , A.D. |
| 9 (RLIN) | 16010 |
| 245 ## - TITLE STATEMENT | |
| Title | Mathematical tables : |
| Remainder of title | tables of airy functions and special confluent hypergeometric functions , for.... tr./ |
| Statement of responsibility, etc. | A.D. Smmirnov |
| 260 ## - PUBLICATION, DISTRIBUTION, ETC. | |
| Place of publication, distribution, etc. | Oxford : |
| Name of publisher, distributor, etc. | Pergamon press . |
| Date of publication, distribution, etc. | C 1960 |
| 300 ## - PHYSICAL DESCRIPTION | |
| Extent | vii , 260p |
| 650 #0 - SUBJECT ADDED ENTRY--TOPICAL TERM | |
| Topical term or geographic name entry element | Mathematics , Tables. |
| 9 (RLIN) | 16012 |
| 942 ## - ADDED ENTRY ELEMENTS (KOHA) | |
| Source of classification or shelving scheme | Dewey Decimal Classification |
| Koha item type | Books |
| Suppress in OPAC | No |
| Withdrawn status | Lost status | Source of classification or shelving scheme | Damaged status | Not for loan | Home library | Current library | Shelving location | Date acquired | Source of acquisition | Total Checkouts | Full call number | Barcode | Date last seen | Copy number | Price effective from | Koha item type |
|---|---|---|---|---|---|---|---|---|---|---|---|---|---|---|---|---|
| Dewey Decimal Classification | Chittagong University Library | Chittagong University Library | Science Reading Room | 11/12/2025 | Purchase | 510.5 SMM | 36118 | 11/12/2025 | C-1 | 11/12/2025 | Books |